LEADER 01280cam0-22004091i-4500 001 990006861790403321 005 20161216130433.0 010 $a88-85669-58-1 035 $a000686179 035 $aFED01000686179 035 $a(Aleph)000686179FED01 035 $a000686179 100 $a20010426d1997----km-y0itay50------ba 101 0 $aita 105 $ay-------001yy 200 1 $aSviluppo economico e società preindustriali$ecicli, strutture e congiunture in Europa dal Medioevo alla prima età moderna$fLuciano Palermo 210 $aRoma$cViella$d1997 215 $a464 p.$d21 cm 225 1 $a<>libri di Viella$v12 610 0 $aEconomia$aEuropa$aSviluppo I)$aAspetti sociali (sec. XIV-XVI) 610 0 $aEuropa$aCondizioni socioeconomiche (sec. XIV-XVI) 676 $a330.94 676 $a306.3094 700 1$aPalermo,$bLuciano$0139809 801 0$aIT$bUNINA$gRICA$2UNIMARC 901 $aBK 912 $a990006861790403321 952 $aCollez. 2105 (12)$b31799$fFSPBC 952 $aSE 112.01.28-$b1072D$fDECTS 952 $a306.3094 PAL 1$b6618$fBFS 952 $aN1.148$b7375$fDECTS 959 $aFSPBC 959 $aDECSE 959 $aBFS 959 $aDECTS 996 $aSviluppo economico e società preindustriali$9625022 997 $aUNINA LEADER 03683nam 22005415 450 001 9910483245703321 005 20200722083349.0 010 $a3-658-17068-9 024 7 $a10.1007/978-3-658-17068-4 035 $a(CKB)3710000001632955 035 $a(MiAaPQ)EBC4941332 035 $a(DE-He213)978-3-658-17068-4 035 $a(PPN)203849310 035 $a(EXLCZ)993710000001632955 100 $a20170808d2017 u| 0 101 0 $ager 135 $aurcnu|||||||| 181 $2rdacontent 182 $2rdamedia 183 $2rdacarrier 200 14$aDer Anti-Stress-Trainer für Selbstständige $eTypische Stressfaktoren erkennen und richtig reagieren /$fvon Marcel Schettler 205 $a1st ed. 2017. 210 1$aWiesbaden :$cSpringer Fachmedien Wiesbaden :$cImprint: Springer Gabler,$d2017. 215 $a1 online resource (130 pages) 225 1 $aAnti-Stress-Trainer,$x2730-6860 311 $a3-658-17067-0 320 $aIncludes bibliographical references at the end of each chapters. 327 $aStresskunde.-Das Adrenalinzeitalter -- Stressfallen bei Selbstständigen.-Strategien für ein erfolgreiches Stressmanagement -- Praxisbeispiele von Unternehmern. 330 $aDieses Buch aus der Anti-Stress-Trainer-Reihe widmet sich dem Thema Stressbewältigung für Selbstständige. Oft fehlt selbständigen Unternehmern ein neutraler ebenbürtiger Gesprächspartner, um berufliche Themen zu diskutieren. Das Ergebnis, wenn Selbstständige alles mit sich alleine abmachen: Stress pur. Doch das ist nur ein Aspekt von vielen, der Unternehmer in Stress und Überforderung führt. Der Anti-Stress-Trainer für Selbständige zeigt Ihnen die typischen Stolpersteine auf, die Sie geradewegs in die Stressfalle führen und hilft Ihnen mit praktischen Tipps, diese Stolpersteine zu umgehen. Zudem öffnen gestandene Unternehmer ihre persönliche ?Anti-Stress-Trickkiste? und verraten Ihnen neben ihrem eigenen stressigsten Erlebnis ihren persönlichen Praxistipp gegen Stress und Überlastung. Die Reihe Stress gehört in unserem Berufs- und Privatleben zum Alltag. Dabei unterscheiden sich die stressauslösenden Faktoren jedoch je nach B erufsgruppe.  Aus diesem Grunde widmen sich in der Anti-Stress-Trainer-Reihe, initiiert von Peter Buchenau, führende Expertinnen und Experten diesen spezifischen Stresssituationen. Der Autor Marcel Schettler ist Business Coach und Unternehmer seit über 25 Jahren. In den ersten zehn Jahren seiner Selbstständigkeit, hat er mit verschiedenen Unternehmungen so ziemlich alle Höhen und Tiefen des Unternehmerseins durchlebt ? Pleite inklusive. Seit nunmehr 15 Jahren führt er mit zwei Partnern den Event-Dienstleister Guest-One GmbH mit 25 Mitarbeitern. 410 0$aAnti-Stress-Trainer,$x2730-6860 606 $aEmployees?Coaching of 606 $aEntrepreneurship 606 $aMaturation (Psychology) 606 $aCoaching$3https://scigraph.springernature.com/ontologies/product-market-codes/517030 606 $aEntrepreneurship$3https://scigraph.springernature.com/ontologies/product-market-codes/514000 606 $aPersonal Development$3https://scigraph.springernature.com/ontologies/product-market-codes/O42010 615 0$aEmployees?Coaching of. 615 0$aEntrepreneurship. 615 0$aMaturation (Psychology) 615 14$aCoaching. 615 24$aEntrepreneurship. 615 24$aPersonal Development. 676 $a158.72 700 $aSchettler$b Marcel$4aut$4http://id.loc.gov/vocabulary/relators/aut$01226834 906 $aBOOK 912 $a9910483245703321 996 $aDer Anti-Stress-Trainer für Selbstständige$92848650 997 $aUNINA